01413 2200421 4500001002100000005001500021035002000036007000300056008004100059020002200100040002200122082001500144084001700159090002100176090002200197100003500219245022300254300005700477650003800534650001500572650001400587700003000601700003200631700003400663700002800697700002600725700002400751700002700775850001200802041000800814505001100822264004000833336002100873337003000894338002300924999002200947990002200969INLIS00000000084939120190710104701 a0010-0719000392ta190709s2018 yoia g ind d a978-979-28-3295-2 aYOPDYOGbinderda04223a371.33 a371.33 ARI p aDEP 371.33 ARI p aCB-D.11 2018-30400 aArifah Rizky Aviliyahepenulis10aPegangan guru udara bersih bagi kesehatan :bSD/MI kelas V /cpenulis, Arifah Rizky Aviliyah, Amin Suprihatini, Nova Tri Pamungkas; penyunting, Supriyantiningsih; ilustrator, Daniel W.K., Agfany P., Dewi I., Cinthia D. aiv, 300 halaman :bilustrasi, gambar, tabel ;c28 cm 4aMengajar--xAlat dan perlengkapan0 aPernapasan 4aKesehatan aAmin Suprihatiniepenulis0 aNova Tri Pamungkasepenulis0 aSupriyantiningsihepenyunting0 aDaniel W.K.eilustrator0 aAgfany P.eilustrator0 aDewi I.eilustrator0 aCinthia D.eilustrator aYOPDYOG0 aind aTema 231aYogyakarta :bIntan Pariwara,c2018 2rdacontentateks 2rdamediaatanpa perantara 2rdacarrieravolume aCB-D.11/2018-3040 aCB-D.11/2018-3040